Biblioteca ESET

Arqueología del Terrorismo de Estado en el partido de Quilmes (Registro nro. 1066)

Detalles MARC
000 -CABECERA
fixed length control field 00724nam a22002177a 4500
003 - CONTROL NUMBER IDENTIFIER
control field AR-BeUNQ
005 - FECHA Y HORA DE LA ULTIMA TRANSACCION
control field 20250716200012.0
020 ## - NUMERO INTERNACIONAL NORMALIZADO PARA LIBROS
Número Internacional Normalizado del libro 9789875583887
100 ## - ASIENTO PRINCIPAL-NOMBRE PERSONAL
Nombre personal Grassi, Luciano..[et.al]
245 #2 - MENCION DE TITULO
Título Arqueología del Terrorismo de Estado en el partido de Quilmes
250 ## - MENCION DE EDICION
Mención de edición 1a.ed
260 ## - PUBLICACION, DISTRIBUCION, ETC.
Lugar de publicación, distribución, etc. Bernal :
Nombre del editor, distribuidor, etc. Universidad Nacional de Quilmes EDitorial 20 años,
Fecha de publicación, distribución, etc 2016
500 ## - NOTA GENERAL
Nota general Derechos Humanos. Terrorismos de Estado. Historia Argentina
700 ## - ASIENTO SECUNDARIO - NOMBRE DE PERSONA
Nombre personal secundario Sondéreguer, María
942 ## - ELEMENTOS DE PUNTO DE ACCESO ADICIONAL (KOHA)
Tipo de ítem Koha Libros
Existencias
Estado de retiro Estado de pérdida No para préstamo Ubicación permanente Ubicación actual Ubicación en estantería Fecha de ingreso Signatura topográfica completa Inventario Date last seen Tipo de ítem Koha Operador Total Checkouts
      Biblioteca ESET - UNQ Biblioteca ESET - UNQ CIRCULACION 27/05/2019 323 ARQ 57978 15/11/2024 Libros Gladys Alarcon  
      Biblioteca ESET - UNQ Biblioteca ESET - UNQ CIRCULACION 27/05/2019 323 ARQ 57979 15/11/2024 Libros Gladys Alarcon  

ESET UNQ

☏ 4365-7188
 Avenida República de Francia 1714 entre Doctor Kenny y Concordia, Ezpeleta, Bs As.
✉ secretaria_eset@unq.edu.ar

Con tecnología Koha